00928 a2200169 45000010006000000050017000060080041000230030015000640400040000790800120001192450104002390200018003432640057003613000020004185050293004381000027007315385120260407155809.0260407a1999 arg spa dAR-UNSa-BCEJYS aAR-UNSa-BCEJYSbspacAR-UNSa-BCEJYS a330(8)xEconomía de América del Sur. Estados y Regiones de América del Sur. América Latina. Iberoamérica 10aLa política, la economía y el hombrepFundamentos para construir una sociedad antropocéntrica a950-33-0220-X 1aCórdoba :bUniversidad Nacional de Córdobac1999 a175 p.,c23 cm. a1. Bases para una economía antropocéntrica - 2. El papel del Municipio en un mundo cambiante - 3. El mercosur y la integración regional - 4. Temas de política económica y social -5. Globalización y pobreza en américa Latina - 6. Economía solidaria y equilibrio ecológico1 aDi Marco, Luis Eugenio